[Event "NRW Class2 1112"]
[Site "Germany"]
[Date "2011.10.09"]
[Round "2.2"]
[White "Oswald, Hans Joachim"]
[Black "Voelker, Christian"]
[Result "1/2-1/2"]
[WhiteElo "2271"]
[BlackElo "2060"]
[PlyCount "87"]
[EventDate "2011.09.18"]
[EventType "team-tourn"]
[EventRounds "9"]
[EventCountry "GER"]
[SourceTitle "EXT 2015"]
[Source "ChessBase"]
[SourceDate "2014.11.20"]
[SourceVersion "1"]
[SourceVersionDate "2014.11.20"]
[SourceQuality "1"]
[WhiteTeam "Letmathe"]
[BlackTeam "Sendenhorst"]
[WhiteTeamCountry "GER"]
[BlackTeamCountry "GER"]

1. Nf3 Nc6 2. d4 d5 3. e3 Bg4 4. Bb5 e6 5. h3 Bxf3 6. Qxf3 Nf6 7. 0-0 Be7 8. c4 0-0 9. Nc3 Qd7 10. cxd5 exd5 11. Bd2 Bb4 12. Rfd1 a6 13. Ba4 Rad8 14. Rac1 Rfe8 15. Bxc6 bxc6 16. Na4 Bf8 17. Nc5 Bxc5 18. Rxc5 Ne4 19. Ra5 Re6 20. Be1 Rg6 21. Kh2 Ng5 22. Qg4 f5 23. Qe2 f4 24. exf4 Re8 25. Qf1 Qd6 26. Bd2 Ne6 27. Be3 Nxf4 28. Bxf4 Qxf4+ 29. Kh1 Re4 30. Rxa6 Rxd4 31. Rxd4 Qxd4 32. Qe2 h6 33. Qe8+ Kh7 34. Rxc6 Rxc6 35. Qxc6 Qxf2 36. Qxd5 Qxb2 37. Qe4+ Kh8 38. a4 c5 39. Qa8+ Kh7 40. Qe4+ Kh8 41. Qe8+ Kh7 42. Qe4+ Kh8 43. Qf4 Qb4 44. Qf8+ 1/2-1/2

[Event "Muensterland Verbandsliga 1011"]
[Site "Germany"]
[Date "2011.05.14"]
[Round "9.2"]
[White "Voelker, Christian"]
[Black "Pielnik, Rainer"]
[Result "1/2-1/2"]
[WhiteElo "2039"]
[BlackElo "2115"]
[PlyCount "22"]
[EventDate "2010.09.25"]
[EventType "team-tourn"]
[EventRounds "9"]
[EventCountry "GER"]
[SourceTitle "EXT 2012"]
[Source "ChessBase"]
[SourceDate "2011.11.24"]
[SourceVersion "1"]
[SourceVersionDate "2011.11.24"]
[SourceQuality "1"]
[WhiteTeam "Sendenhorst"]
[BlackTeam "Nienberge"]
[WhiteTeamCountry "GER"]
[BlackTeamCountry "GER"]

1. d4 Nf6 2. Nc3 d5 3. Bg5 e6 4. e4 Be7 5. e5 Nfd7 6. Bxe7 Qxe7 7. f4 a6 8. Nf3 c5 9. dxc5 Nc6 10. Bd3 Qxc5 11. Qd2 b5 1/2-1/2

[Event "Muensterland Verbandsliga 0910"]
[Site "Germany"]
[Date "2009.10.31"]
[Round "2.1"]
[White "Voelker, Christian"]
[Black "Remmeke, Hans"]
[Result "0-1"]
[WhiteElo "2020"]
[BlackElo "2134"]
[PlyCount "72"]
[EventDate "2009.09.26"]
[EventType "team-tourn"]
[EventRounds "9"]
[EventCountry "GER"]
[SourceTitle "EXT 2011"]
[Source "ChessBase"]
[SourceDate "2010.11.26"]
[SourceVersion "1"]
[SourceVersionDate "2010.11.26"]
[SourceQuality "1"]
[WhiteTeam "Sendenhorst"]
[BlackTeam "Nienberge"]
[WhiteTeamCountry "GER"]
[BlackTeamCountry "GER"]

1. d4 f5 2. e4 fxe4 3. Nc3 Nf6 4. f3 d5 5. fxe4 dxe4 6. Bc4 e5 7. Bg5 exd4 8. Bxf6 Qxf6 9. Qh5+ g6 10. Nd5 Qg7 11. Qh4 c6 12. Nf6+ Kd8 13. Ng8+ Kc7 14. 0-0-0 b5 15. Bb3 Bf5 16. g4 Bd7 17. Nf6 Qh6+ 18. Qxh6 Bxh6+ 19. Kb1 Bg7 20. Nxe4 Bxg4 21. Rf1 Rf8 22. Rxf8 Bxf8 23. Nf6 Bf5 24. Ne2 Nd7 25. Nxd7 Bxd7 26. Nxd4 Re8 27. a4 Bg7 28. Rd1 Re4 29. c3 Bxd4 30. cxd4 bxa4 31. Bc4 Rh4 32. Rd2 Bf5+ 33. Ka2 c5 34. Bb5 cxd4 35. Bxa4 Kd6 36. Kb3 Kc5 0-1

[Event "Muensterland Verbandsliga 0809"]
[Site "Germany"]
[Date "2009.03.21"]
[Round "8.1"]
[White "Voelker, Christian"]
[Black "Fuest, Martin"]
[Result "1/2-1/2"]
[WhiteElo "2015"]
[BlackElo "2230"]
[PlyCount "23"]
[EventDate "2008.09.20"]
[EventType "team-tourn"]
[EventRounds "9"]
[EventCountry "GER"]
[SourceTitle "EXT 2010"]
[Source "ChessBase"]
[SourceDate "2010.11.25"]
[SourceVersion "1"]
[SourceVersionDate "2010.11.25"]
[SourceQuality "1"]
[WhiteTeam "Stadtlohn"]
[BlackTeam "Bocholt"]
[WhiteTeamCountry "GER"]
[BlackTeamCountry "GER"]

1. d4 Nf6 2. c4 e6 3. Nc3 d5 4. cxd5 exd5 5. Bg5 Be7 6. e3 Nbd7 7. Bd3 c6 8. Qc2 h6 9. Bh4 a6 10. Nge2 0-0 11. 0-0 Re8 12. f3 1/2-1/2

[Event "Muensterland Verbandsliga 0809"]
[Site "Germany"]
[Date "2008.12.13"]
[Round "4.1"]
[White "Voelker, Christian"]
[Black "Hegemann, Eike"]
[Result "1/2-1/2"]
[WhiteElo "2015"]
[BlackElo "2106"]
[PlyCount "59"]
[EventDate "2008.09.20"]
[EventType "team-tourn"]
[EventRounds "9"]
[EventCountry "GER"]
[SourceTitle "EXT 2010"]
[Source "ChessBase"]
[SourceDate "2010.11.25"]
[SourceVersion "1"]
[SourceVersionDate "2010.11.25"]
[SourceQuality "1"]
[WhiteTeam "Stadtlohn"]
[BlackTeam "Saerbeck"]
[WhiteTeamCountry "GER"]
[BlackTeamCountry "GER"]

1. d4 d5 2. c4 e6 3. Nc3 Nf6 4. cxd5 exd5 5. Bg5 c6 6. e3 Be7 7. Bd3 0-0 8. Nge2 Nbd7 9. 0-0 Re8 10. Qc2 Nf8 11. f3 Ng6 12. Rad1 Be6 13. h3 Rc8 14. e4 c5 15. e5 Nh5 16. Bxe7 Qxe7 17. Bxg6 hxg6 18. g4 Qh4 19. gxh5 Bxh3 20. Rf2 Re6 21. h6 g5 22. Nxd5 Rxh6 23. Ne7+ Kh8 24. Qe4 Re8 25. Qxh4 Rxh4 26. Nd5 cxd4 27. f4 gxf4 28. Rxf4 Rxf4 29. Nexf4 Rxe5 30. Rxd4 1/2-1/2

[Event "Muensterland Verbandsliga 0708"]
[Site "Germany"]
[Date "2008.04.26"]
[Round "9.2"]
[White "Voelker, Christian"]
[Black "Overesch, Andre"]
[Result "0-1"]
[WhiteElo "2015"]
[BlackElo "1837"]
[PlyCount "76"]
[EventDate "2007.09.08"]
[EventType "team"]
[EventRounds "9"]
[EventCountry "GER"]
[SourceTitle "EXT 2009"]
[Source "ChessBase"]
[SourceDate "2008.11.26"]
[SourceVersion "1"]
[SourceVersionDate "2008.11.26"]
[SourceQuality "1"]
[WhiteTeam "Stadtlohn"]
[BlackTeam "Nordwalde"]
[WhiteTeamCountry "GER"]
[BlackTeamCountry "GER"]

1. d4 Nf6 2. Nc3 d5 3. Bg5 Nbd7 4. Qd3 e6 5. e4 dxe4 6. Nxe4 Be7 7. Nxf6+ Nxf6 8. Nf3 0-0 9. 0-0-0 b6 10. Ne5 Bb7 11. Qh3 Ne4 12. Be3 Qc8 13. f3 Nf6 14. Bd3 g6 15. Qh6 Nd5 16. Bf2 Bf6 17. h4 Bg7 18. Qd2 c5 19. h5 Qc7 20. hxg6 fxg6 21. Rxh7 Kxh7 22. Qg5 Nf4 23. Bxg6+ Kg8 24. Rh1 Rf6 25. Bh7+ Kf8 26. dxc5 Rf5 27. Nd7+ Qxd7 28. Bxf5 Ne2+ 29. Kb1 exf5 30. cxb6 Qb5 31. c3 Nxc3+ 32. Kc2 Qe2+ 33. Qd2 Qxd2+ 34. Kxd2 Nxa2 35. Bc5+ Kf7 36. bxa7 Rc8 37. Ba3 Nc1 38. Rxc1 Bh6+ 0-1

[Event "Muensterland Verbandsliga 0708"]
[Site "Germany"]
[Date "2007.11.03"]
[Round "3.2"]
[White "Voelker, Christian"]
[Black "Kempe, Frank"]
[Result "1/2-1/2"]
[WhiteElo "2015"]
[BlackElo "2068"]
[PlyCount "33"]
[EventDate "2007.09.08"]
[EventType "team"]
[EventRounds "9"]
[EventCountry "GER"]
[SourceTitle "EXT 2009"]
[Source "ChessBase"]
[SourceDate "2008.11.26"]
[SourceVersion "1"]
[SourceVersionDate "2008.11.26"]
[SourceQuality "1"]
[WhiteTeam "Stadtlohn"]
[BlackTeam "Suedlohn"]
[WhiteTeamCountry "GER"]
[BlackTeamCountry "GER"]

1. e4 c5 2. Nf3 Nc6 3. d4 cxd4 4. Nxd4 Nf6 5. Nc3 e5 6. Ndb5 d6 7. Bg5 a6 8. Na3 b5 9. Nd5 Be7 10. Bxf6 Bxf6 11. c3 Ne7 12. Nxf6+ gxf6 13. Nc2 Bb7 14. Bd3 d5 15. exd5 Bxd5 16. Ne3 Bc6 17. Qc2 1/2-1/2

[Event "Muensterland Verbandsliga 0708"]
[Site "Germany"]
[Date "2007.09.08"]
[Round "1.2"]
[White "Dieckmann, Werner"]
[Black "Voelker, Christian"]
[Result "1/2-1/2"]
[WhiteElo "1835"]
[BlackElo "2015"]
[PlyCount "48"]
[EventDate "2007.09.08"]
[EventType "team"]
[EventRounds "9"]
[EventCountry "GER"]
[SourceTitle "EXT 2009"]
[Source "ChessBase"]
[SourceDate "2008.11.26"]
[SourceVersion "1"]
[SourceVersionDate "2008.11.26"]
[SourceQuality "1"]
[WhiteTeam "Telgte"]
[BlackTeam "Stadtlohn"]
[WhiteTeamCountry "GER"]
[BlackTeamCountry "GER"]

1. d4 Nf6 2. Nf3 g6 3. Bg5 Bg7 4. c3 0-0 5. Nbd2 d5 6. e3 Nbd7 7. Bd3 c5 8. 0-0 b6 9. Re1 Bb7 10. e4 dxe4 11. Nxe4 Qc7 12. dxc5 Nxc5 13. Nxc5 Qxc5 14. Bxf6 Bxf6 15. Be4 Bxe4 16. Rxe4 Rfd8 17. Qe2 Qc6 18. Re1 e6 19. Qc4 Rac8 20. Qxc6 Rxc6 21. Kf1 Kf8 22. Ke2 Rcd6 23. Rc4 h5 24. Rc7 R8d7 1/2-1/2